000 01738nam0a2200385 4500
001 RU\NLR\bibl\931626
005 20250614192806.0
021 _aRU
_b2006-6349
_9303
035 _a(nilc)RSL-KNO-002838611
035 _a(NLR Aleph) 000919843
090 _a92787
_c92787
100 _a20060310d2005 |||y0rusy50 ca
101 0 _arus
102 _aRU
105 _ay |||||||||
106 _ar
200 1 _aОписание майорановских свойств нейтральных частиц в рамках паулиевской симметрии
_fЮ. В. Гапонов
210 _aДубна
_c[б. и.]
_d2005
_eДубна
_gИздателький отдел Объединенного института ядерных исследований
215 _a33, [1] с.
_d22
225 1 _aОбъединенный институт ядерных исследований
_vР4-2005-137
300 _aРез. на англ. яз.
300 _aНаправлено в журн. "Ядер. физика"
320 _aБиблиогр. в конце кн. (27 назв.)
606 1 _aЭлементарные частицы
_xВзаимодействие слабое и электромагнитное
_xСтандартные модели
_92419275
_3RU\NLR\auth\661440863
606 1 _aЭлементарные частицы нейтральные
_xМайорана модели
_92422325
_3RU\NLR\auth\661442463
686 _aВ382.15
686 _aВ382.17
700 1 _aГапонов
_bЮ. В.
_4070
801 0 _aRU
_bРКП
_c20060310
_grcr
801 1 _aRU
_bРГБ
_c20060310
801 2 _aRU
_bNLR
_c20060413
_grcr
942 _cBOOK
980 _aNB
980 _aNBR